00789nam a2200229 i 450000100060000000300090000600500170001500700030003200800410003502000180007608000110009424500820010526000350018730000300022249000260025265000500027870000250032883000340035385200330038799900170042095201220043717567ES-MaACL20250728100851.0t|010404s1995 sp ||||1| spa d a84-376-1346-9 a28:29100aCristianismo primitivo y religiones mistéricas / cJaime Alvar... [et al.]. aMadrid : bCátedra, c[1995] a564 p. : bil. ; c24 cm.1 aHistoria. Serie mayor07aCristianismo y otras religiones2embne9114361 aAlvar, Jaime.9205810 aHistoria. Serie mayor9178485 aES-MaACLjL-24529 bR.129789 c17567d17567 00104070aATENEOMbATENEOMcDEPO2d2008-01-17eSCl0oL-24529p1017922r2023-02-23 00:00:00w2023-02-23yMONOGRAFIA